How to paint buildings
Αποθηκεύτηκε σε:
| Κύριος συγγραφέας: | |
|---|---|
| Άλλοι συγγραφείς: | |
| Μορφή: | Βιβλίο |
| Γλώσσα: | English |
| Δημοσίευση: |
New York :
Watson-Guptill,
1991
|
| Θέματα: | |
| Ετικέτες: |
Προσθήκη ετικέτας
Δεν υπάρχουν, Καταχωρήστε ετικέτα πρώτοι!
|
MARC
| LEADER | 00000nam a2200000 i 4500 | ||
|---|---|---|---|
| 001 | 1/99967 | ||
| 008 | 940907s1991 eng d | ||
| 020 | |a 0-8230-2474-1 | ||
| 035 | |l 10011511 | ||
| 040 | |a GR-MY-UA |b gre |e aacr | ||
| 041 | 0 | |a eng | |
| 082 | 0 | |a 751.42244 | |
| 100 | 1 | |a Calbo Angrill, Muntsa. | |
| 245 | 1 | 0 | |a How to paint buildings / |c Manel Plana Sicilia; Muntsa Calbo Angrill |
| 260 | |a New York : |b Watson-Guptill, |c 1991 | ||
| 300 | |a 111 p. | ||
| 650 | 0 | 0 | |a Buildings in art. |
| 650 | 0 | 0 | |a Watercolor painting |x Technique. |
| 700 | 1 | |a Plana Sicilia, Manel. | |
| 852 | |a INST |b LESVOS |e 19940907 |h 751.42244 CAL |p 005100006469 |q 005100006469 |t BK |y 0 | ||
| 909 | |a Λ |b 035289 | ||
| 950 | |a 130-1994-04-12 | ||